000 00879nam a2200253Ia 4500
003 OSt
005 20220923221332.0
006 a|||||r|||| 00| 0
007 ta
008 220922b |||||||| |||| 00| 0 hin d
024 _a197,242
037 _cTextual
040 _aARTS
_cARTS
_bhin
041 _2hin
_ahin
082 _aO152,6N417x, M6
100 _aकार्तिकेय, महेन्द्र
245 0 _aसाहित्य, अर्थवत्ता और भविष्य
246 _aSāhitya, arthavattā aur bhaviṣhya
260 _aनई दिल्ली
_b विघा प्रका0
_c1986
300 _a98पृ.
_ccm.
650 _aहिन्दी साहित्य
_9156264
942 _hO152,6N417x, M6
_cTEXL
_2CC
999 _c349113
_d349113